000 00649nam a22001937a 4500
003 OSt
005 20160907102354.0
008 160107b xxu||||| |||| 00| 0 eng d
020 _a0030351774
040 _cLIC
082 _2[2004]
_aDK12 607.12
_bC12
245 _aCalculator-based labs:
_bfor use with graphing calculators, probes, and computers/
260 _aOrlando, Florida:
_bHolt, Rinehart and Winston,
_c[c2004]
300 _avi, 146 pages:
_billustrations;
_c28 cm.
440 _91455
_aHolt Science and Technology.
650 0 _91456
_aTechnology
_xStudy and teaching (Secondary)
650 0 _91457
_aTechnology
_xExperiments.
942 _2ddc
_cDC
999 _c554
_d554